00966nam a2200217 a 4500008004100000020001800041041000800059245005700067250001100124260003000135300002100165500010600186505029700292655001900589700002300608700002300631700002300654700002400677700002200701700002500723180918s2011 ag |||g |||| 001 j|spa d a9789876042246 aspa 3aEl agujero violeta de la luna /cVictoria Martínez a1a ed. aNeuquén:bEDUCO;c2011. a139 p.b21x15 cm aMartínez, V. et al. (2011). El agujero violeta de la luna. Antología. (1a ed.). Neuquén : EDUCO aEsta antología es el producto del "Taller de Victoria" 2010. Así como está de moda lo "atípico", ésta, para estar actualizada, lo es. Sumamos sábados, ganas, estilos, personalidades, ocurrencias, y nos dejamos llevar hacia donde la imaginación o el sentido común nos guíen.  aCuentos cortos1 aDel Rey, Alejandro1 aMartinez, Victoria1 aGeréz, Gloria C.1 aGómez, Alberto J.1 aLópez, Cristina1 aSolenzi, Ana María